Apocalypse Movies by Picture Quiz Stats

 Plays Quiz Updated Apr 22, 2013

Also try: Logo Apocalypse!
Challenge
Share
Tweet
Score 0/25 Timer 06:00
0 Plays Today
# Movie % Correct
11Planet of the Apes
93.9%
14The Matrix
87.7%
1Independence Day
86%
18I Am Legend
82.1%
20Waterworld
78.7%
13Shaun of the Dead
70.7%
19Zombieland
68.2%
10The Book of Eli
64.4%
7The Road Warrior
63.5%
912 Monkeys
59.2%
21Dr. Strangelove
56.6%
8Children of Men
54%
1728 Days Later
53.7%
# Movie % Correct
24Resident Evil
51%
4The Day After Tomorrow
49.2%
3The Road
48.7%
16The Postman
40.1%
6Deep Impact
40%
23The Day the Earth Stood Still
31.7%
2Terminator: Salvation
24%
25Titan A.E.
18.9%
15Legion
16.6%
12Reign of Fire
14.7%
22A Boy and His Dog
8.5%
5In The Mouth Of Madness
2.9%

You're not logged in!

Compare scores with friends on all Sporcle quizzes.
Join for Free
OR
Log In

You Might Also Like...

Show Comments

Extras

Top Quizzes Today


Score Distribution

Your Account Isn't Verified!

In order to create a playlist on Sporcle, you need to verify the email address you used during registration. Go to your Sporcle Settings to finish the process.

Report this User

Report this user for behavior that violates our Community Guidelines.

Details: